Canadian Cities with 100,000+ Residents - Statistics

General Stats
  • This quiz has been taken 32 times
    16 since last reset
  • The average score is 25 of 55
Answer Stats
Population Province City % Correct
932.5K AB Edmonton
100%
531.9K QB Quebec City
100%
2.7M ON Toronto
100%
631.5K BC Vancouver
100%
1.2M AB Calgary
92%
536.9K ON Hamilton
92%
934.2K ON Ottawa
92%
403.1K NS Halifax
83%
1.7M QB Montreal
83%
215.1K SK Regina
83%
383.8K ON London
75%
705.2K MB Winnipeg
75%
233.2K SK Saskatoon
67%
108.9K NL St. John's
67%
161.5K ON Greater Sudbury
50%
721.6K ON Mississauga
50%
217.2K ON Windsor
50%
100.0K BC Kamloops
42%
123.8K ON Kingston
42%
232.8K ON Kitchener
42%
517.9K BC Surrey
42%
107.9K ON Thunder Bay
42%
105.0K ON Waterloo
42%
141.4K BC Abbotsford
33%
119.7K ON Ajax
33%
141.4K ON Barrie
33%
593.6K ON Brampton
33%
183.3K ON Burlington
33%
239.7K BC Burnaby
33%
139.3K BC Coquitlam
33%
131.8K ON Guelph
33%
127.4K BC Kelowna
33%
423.0K QB Laval
33%
329.0K ON Markham
33%
159.5K ON Oshawa
33%
100.4K AB Red Deer
33%
198.3K BC Richmond
33%
195.0K ON Richmond Hill
33%
161.3K QB Sherbrooke
33%
134.4K QB Trois-Rivieres
33%
306.2K ON Vaughan
33%
128.4K ON Whitby
33%
129.9K ON Cambridge
25%
101.6K ON Chatham-Kent
25%
276.2K QB Gatineau
25%
143.4K QB Levis
25%
246.4K QB Longueuil
25%
110.1K ON Milton
25%
193.8K ON Oakville
25%
145.9K QB Saguenay
25%
111.6K QB Terrebonne
25%
102.2K BC Delta
17%
117.3K BC Langley
17%
133.1K ON St. Catherines
17%
114.1K BC Saanich
8%
No matching quizzes found
Score Distribution
Percent of People with Each Score
Percentile by Number Answered
Your Score History
You have not taken this quiz since the last reset